| 000 | 00605nam a22001937a 4500 | ||
|---|---|---|---|
| 008 | 131029b xxu||||| |||| 00| 0 alb d | ||
| 020 | _a9789951437202 | ||
| 041 | 0 | _aalb | |
| 080 |
_a328 _x(496.5) |
||
| 100 | 1 | _aBeqaj, Belul | |
| 245 |
_a(S)a mund t'i besohet lidershipit të Kosovës? _cBelul Beqaj |
||
| 260 |
_aPrishtinë : _bUniversiteti për Biznes dhe Teknologji ; _c2012 |
||
| 300 |
_a238 f. ; _c24 cm. |
||
| 500 | _aParathënie : f. 7-8 | ||
| 505 | _aShënim për autorin : f. 237 | ||
| 650 | _aQeveritë përfaqësuese dhe përfaqësimi | ||
| 650 | _aPolitika dhe qeverisja | ||
| 942 |
_2udc _cBK |
||
| 999 |
_c198 _d198 |
||